Najlepší na svete do Košíc Jazda telesne postihnutých cyklistov '92

Podrobná bibliografia
Hlavný autor: dul (Autor)
Médium: Článok
Jazyk:slovenčina
Predmet:

MARC

LEADER 00000nab a2200000 a 4500
001 vtls000917470
003 SK-MaSNL
005 20260303122250.0
008 040720e19920728xo 0 slo
035 |a KE26349 
040 |a KEVKJB  |b slo  |c KEVKJB  |e AACR2 
041 0 |a slo 
044 |a xo  |c SK 
080 |a 796.61  |2 1981 
100 0 |a dul  |4 aut  |9 881032 
245 1 0 |a Najlepší na svete do Košíc  |b Jazda telesne postihnutých cyklistov '92 
650 0 7 |a cyklistika  |2 KEVKJB  |9 3263 
650 0 7 |a telesne postihnutí   |2 KEVKJB  |9 30009 
650 0 7 |a trasy  |2 KEVKJB  |9 883552 
650 0 7 |a príchod  |2 KEVKJB  |9 883369 
650 0 7 |a informácie  |2 KEVKJB  |9 1285 
651 7 |a Aš (Česko)  |2 KEVKJB  |9 31092 
651 7 |a Čierna nad Tisou (Slovensko)  |2 KEVKJB  |9 30739 
651 7 |a Košice (Slovensko)  |2 KEVKJB  |9 18694 
651 7 |a KE,  |2 KEVKJB  |9 877256 
655 7 |a periodikum  |2 snkbucl  |9 29553 
773 0 8 |t Košický večer  |g Roč. 3  |g Roč. 28, č.146, 28.7.1992, s. 6 
852 |a ZVYKNI  |b KIS3GCP 
999 |c 1920122  |d 1922052